Kyoto Metro Stations with map - Statistics

General Stats
  • This quiz has been taken 23 times
  • The average score is 22 of 32
Answers on the Map
Answers color-coded by a green-red scale on the quiz's map according to % correct below.
 
Answer Stats
Answer % Correct
Kyoto 京都
100%
Karasuma Oike 烏丸御池
88%
Karasuma Oike 烏丸御池
88%
Gojo 五条
81%
Kokusaikaikan 国際会館
81%
Nijo 二条
81%
Rokujizo 六地蔵
81%
Shijo 四条
81%
Sanjo Keihan 三条京阪
75%
Uzumasa Tenjingawa 太秦天神川
75%
Yamashina 山科
75%
Higashiyama 東山
69%
Jujo 十条
69%
Kuinabashi くいな橋
69%
Kujo 九条
69%
Kyoto Shiyakusho Mae (Kawaramachi Oike)京都市役所前(河原町御池)
69%
Misasagi 御陵
69%
Takeda 竹田
69%
Daigo 醍醐
63%
Imadegawa 今出川
63%
Keage 蹴上
63%
Kitaoji 北大路
63%
Kitayama 北山
63%
Marutamachi 丸太町
63%
Nijojo Mae 二条城前
63%
Nishioji Oike 西大路御池
63%
Higashino 東野
56%
Matsugasaki 松ヶ崎
56%
Nagitsuji 椥辻
56%
Kuramaguchi 鞍馬口
50%
Ono 小野
50%
Ishida 石田
44%
No matching quizzes found
Score Distribution
Percent of People with Each Score
Percentile by Number Answered
Your Score History
You have not taken this quiz